The principles of Muhammadan jurisprudence : (Record no. 586928)

000 -LEADER
fixed length control field 00445nam a22001337a 4500
082 ## - DEWEY DECIMAL CLASSIFICATION NUMBER
Classification number 340.59 RAH
100 ## - MAIN ENTRY--PERSONAL NAME
Personal name Rahim, Abdur
245 ## - TITLE STATEMENT
Title The principles of Muhammadan jurisprudence :
Remainder of title according to the Hanafi, Maliki, Shafii and Hanbali schools /
Statement of responsibility, etc. Abdur Rahim
260 ## - PUBLICATION, DISTRIBUTION, ETC.
Place of publication, distribution, etc. Rawalpindi :
Name of publisher, distributor, etc. Federal Law House,
Date of publication, distribution, etc. 2017.
300 ## - PHYSICAL DESCRIPTION
Extent 392 p. ;
Dimensions 23 cm.
942 ## - ADDED ENTRY ELEMENTS (KOHA)
Source of classification or shelving scheme
Koha item type Book
Holdings
Withdrawn status Lost status Source of classification or shelving scheme Damaged status Not for loan Permanent Location Current Location Shelving location Date acquired Source of acquisition Full call number Barcode Date last seen Price effective from Koha item type Total Checkouts
          NUST Law School (NLS) NUST Law School (NLS) Law 12/01/2021 Pakistan Law House 340.59 RAH CL-891 12/01/2021 12/01/2021 Book  
          NUST Law School (NLS) NUST Law School (NLS)   03/04/2025   340.59 RAH NLS-558 03/04/2025 03/04/2025 Book  
          NUST Law School (NLS) NUST Law School (NLS)   03/04/2025   340.59 RAH NLS-559 03/04/2025 03/04/2025 Book  
          NUST Law School (NLS) NUST Law School (NLS)   03/04/2025   340.59 RAH NLS-560 03/04/2025 03/04/2025 Book  
          NUST Law School (NLS) NUST Law School (NLS)   03/19/2025   340.59 RAH NLS-1536 03/19/2025 03/19/2025 Book  
© 2023 Central Library, National University of Sciences and Technology. All Rights Reserved.